Statistiques concernant Paroles : Je m'en vais Vianney

Cliquez ici pour prendre le quiz!

Statistiques générales

  • Ce quiz a été pris 1 165 fois
  • Le résultat moyen est 225 sur 252

Statistiques - réponses

Réponse% Correct
me
100%
Et
98%
et
98%
Je
97%
je
97%
m'en
97%
à
96%
la
96%
ma
96%
vais
96%
ce
95%
Ce
95%
C'est
95%
c'est
95%
que
95%
Que
95%
toi
95%
de
94%
j'ai
94%
J'ai
94%
mes
94%
92%
qui
92%
tu
92%
jamais
91%
su
91%
claques
90%
cliques
90%
des
90%
es
90%
Oh
90%
oh
90%
faute
89%
Les
89%
moi
89%
n'ai
89%
pour
89%
t'aimer
89%
tes
89%
Au
88%
belle
88%
bête
88%
haine
88%
n'est
88%
peine
88%
plus
88%
diable
87%
du
87%
sage
87%
troqué
87%
apôtres
86%
Contre
86%
Dieu
86%
diras
86%
mon
86%
oublier
86%
sac
86%
dans
85%
dos
85%
long
85%
métrage
85%
images
84%
tête
84%
m'entraîne
82%
Qu'avant
82%
mal
81%
Quand
80%
larmes
79%
l'aime
78%
route
78%
m'emmène
77%
armes
76%
sur
76%
pluie
75%
Un
75%
tournent
74%
front
73%
gouttes
73%
Gouttes
73%
flaques
71%
froid
71%
Sont
69%
m'éloigner
68%
Donne
67%
donne
67%
L'envie
67%
perle
67%
pesais
64%
cloques
63%
ailes
61%
dont
59%
plaine
59%

Distribution des résultats

Percentile par nombre de réponses

% des personnes avec chaque résultat

Votre développement - résultats

Vous n’avez pas pris ce quiz